Statistics for Famous French People

Click here to take the quiz!

General Stats

  • This quiz has been taken 57 times
  • The average score is 11 of 15

Answer Stats

CluePerson% Correct
Civil engineer who was the namesake of Paris' most iconic buildingGustave Eiffel
94%
Heroine of for her role during the Lancastrian phase of the Hundred Years' WarJoan of Arc
91%
Military and political leader who rose to prominence during the French RevolutionNapoleon Bonaparte
91%
Army officer and statesman who led Free France against Nazi Germany in World War IICharles de Gaulle
89%
Longest recorded reign of any monarch of a sovereign country in historyLouis XIV
89%
Fashion designer and businesswoman; founded brand named after herCoco Chanel
83%
Writer and novelist; wrote "The Three Musketeers"Alexandre Dumas
76%
Enlightenment writer, historian, and philosopher; advocate for civil libertiesVoltaire
74%
Lawyer and statesman; one of the most influential figures of the French RevolutionMaximilien Robespierre
72%
Painter and founder of impressionist painting; key precursor to modernismClaude Monet
65%
Professional wrestler and actor, known for his great size as a result of gigantismAndré the Giant
63%
Contributed greatly to the sciences; discovered the principles of vaccinationsLouis Pasteur
63%
General officer during World War I; became known as the 'Lion of Verdun'Philippe Pétain
48%
Poet, novelist, essayist, playwright, and dramatist of the Romantic movementVictor Hugo
41%
Invented analytic geometry, linking the then separate fields of geometry and algebraRené Descartes
28%

Score Distribution

Percentile by Number Answered

Percent of People with Each Score

Your Score History

You have not taken this quiz